000 00430cam a2200181ua 4500
001 3164
008 111010n ii |||gr||||Z||||||asm
040 _cMAIN
082 _a891.4513
100 1 _aBardoloi, Rajani Kanta,
245 1 1 _aManomati
_cby Rajani Kanta Bardoloi
250 _a1st.
260 _aGuahati:
_bSahitya Prakash,969.
300 _a185p:
_c23cm.
653 _aAssamese novel
653 _aManomati
942 _cBK
999 _c3010
_d3010